Biblioteca

The old testament against its environment (Registro nro. 65809)

Detalles MARC
000 -LÍDER
Campo fijo de descripción fija 01504cam a2200409 i 4500
001 - NÚMERO DE CONTROL
Campo de control 768714001
003 - IDENTIFICADOR DEL NÚMERO DE CONTROL
Campo de control CO-MdFUSB
005 - FECHA Y HORA DE LA ULTIMA TRANSACCIÓN
control field 20201015135830.0
007 - CAMPO FIJO DE DESCRIPCIÓN FIJA--INFORMACIÓN GENERAL
Campo fijo de descripción fija ta
008 - ELEMENTOS DE LONGITUD FIJA -- INFORMACIÓN GENERAL
Campo fijo de descripción fija -- Información general 820928t1962 enk b 001 0 eng d
010 ## - NÚMERO DE CONTROL DE LA BIBLIOTECA DEL CONGRESO
Número de control LC 52004902
020 ## - NÚMERO INTERNACIONAL NORMALIZADO PARA LIBROS
Número Internacional Normalizado del libro [No incluye ISBN]
040 ## - FUENTE DE CATALOGACIÓN
Agencia de catalogación original IHT
Idioma de catalogación eng
Agencia que realiza la transcripción CO-MdFUSB
Agencia que realiza la modificación OCL
-- CO-MdFUSB
-- LVB
-- UZ0
-- OCLCG
-- OCLCQ
-- OCLCA
-- UKMGB
-- OCLCQ
-- OCLCO
-- UIU
-- OCLCA
-- OCLCF
-- DEBBG
-- OCLCQ
-- OCLCA
-- TUU
-- RCT
-- CFT
-- OCLCQ
-- CSJ
-- OCLCO
-- DHA
-- OCLCQ
-- OKR
-- OCLCA
-- OCLCQ
-- CNCMU
-- OCLCO
-- TXI
-- OCLCQ
-- ISB
Convenciones de la descripción rda
041 ## - CÓDIGO DE IDIOMA
Código de idioma para texto/pista de sonido o título separado eng
082 ## - NÚMERO DE CLASIFICACIÓN DECIMAL DEWEY
Número de la edición del Dewey 23
Número de clasificación 221.6
Clave de autor-Numero de item W949
100 1# - ASIENTO PRINCIPAL--NOMBRE PERSONAL
Nombre personal Wright, G. Ernest
Fechas asociadas con el nombre 1909-1974
Término relacionador autor
245 14 - TÍTULO
Título del Material The old testament against its environment
Mención de responsabilidad, etc. / G. Ernest Wright.
264 #1 - PRODUCCIÓN, PUBLICACIÓN, DISTRIBUCIÓN, MANUFACTURA, Y COPYRIGHT
Lugar de producción, publicación, distribución, manufactura London :
Nombre del productor, publicador, distribuidor SCM Press,
Fecha de producción, publicación, distribución, manufactura, o copyright [1962]
264 #4 - PRODUCCIÓN, PUBLICACIÓN, DISTRIBUCIÓN, MANUFACTURA, Y COPYRIGHT
Fecha de producción, publicación, distribución, manufactura, o copyright © 1962
300 ## - DESCRIPCIÓN FÍSICA
Extensión 115 páginas ;
Dimensiones 22 cm.
336 ## - TIPO DE CONTENIDO
Término de tipo de contenido texto
Código de tipo de contenido txt
Fuente rdacontent.
337 ## - TIPO DE MEDIO
Nombre del tipo de medio sin mediación
Código del tipo de medio n
Fuente rdamedia.
338 ## - TIPO DE SOPORTE
Nombre del tipo de soporte volumen
Código Tipo de soporte nc
Fuente rdacarrier.
490 1# - MENCIÓN DE SERIE
Mención de serie Studies in Biblical theology ;
500 ## - NOTA GENERAL
Nota General "
504 ## - NOTA DE BIBLIOGRAFÍA, ETC.
Nota de bibliografía, etc Incluye referencias bibliográficas<br/>
505 0# - NOTA DE CONTENIDO
Nota de contenido con formato preestablecido ¿Qué gran nación tiene un Dios como el Señor? - Él estableció un testimonio en Israel - ¿Qué requiere el Señor tu Dios?
563 ## - NOTA DE ENCUADERNACIÓN
Nota de encuadernación Rústico
630 #7 - TITULO UNIFORME
Título uniforme Biblia.
Nombre de parte o sección de la obra Antiguo Testamento
Subdivisión de materia general Crítica, interpretación, etc.
830 #0 - PUNTO DE ACCESO ADICIONAL DE SERIE - TÍTULO UNIFORME
Título uniforme Studies in Biblical theology ;
Designación de volumen o secuencia 2
942 ## - TIPO DE MATERIAL (KOHA)
Tipo de Item KOHA Libros General
945 ## - INFORMACIÓN LOCAL DEL REGISTRO
Catalogador JTF-925
Existencias
Estado de Material Estado de Perdido Forma de Clasificación Estado de Dañado No para Préstamo Colección Biblioteca de Origen Biblioteca Permanente Fecha de Adquisición Forma de Adquisición Total de Préstamos Signatura Topográfica Código de Barras Última vez visto Ejemplar/Existencia Fecha de Remplazo Tipo de Material
    Dewey Decimal Classification     Colección General Biblioteca FUSBC Biblioteca FUSBC 23/04/2020 Donación Nottingham   G 221.6 W949o 1966 23/04/2020 Ej.1 23/04/2020 Libros General

Biblioteca FUSBC | Teléfono: (57+4) 349 88 10 Ext. 141| WhatsApp (+57) 3005338115 
E-mail: biblioteca@unisbc.edu.co | Calle 76 87-14 Robledo Palenque, Medellín, Colombia

Con tecnología Koha